| 000 | 00535nam a22001817a 4500 | ||
|---|---|---|---|
| 003 | OSt | ||
| 005 | 20140310183130.0 | ||
| 008 | 130531t xxu||||| |||| 00| 0 eng d | ||
| 050 |
_aDS 676 _b.R671 2008 |
||
| 082 |
_aFIL 759.9599 _bR581 2008 |
||
| 245 |
_aRage! : _bJuan Luna/Antonio Luna/Trinidad Pardo de Tavera / _cRoces, Alfredo R. |
||
| 260 |
_aManila, Philippines : _bSolidaridad Pub. House, _c2008. |
||
| 521 | _acollege students | ||
| 526 | _c1210L-1700L | ||
| 541 | _j1 | ||
| 562 | _e1 | ||
| 942 |
_2lcc _cBK _kFIL |
||
| 999 |
_c19128 _d19128 |
||